Catalog

Record Details

Catalog Search



The copper gauntlet #2 / Holly Black and Cassandra ... Read More

Black, Holly,(author.).
Clare, Cassandra,(author.). Fischer, Scott M.,(illustrator.).
Series: Magisterium ; 2

Available copies

  • 3 of 4 copies available at LARL/NWRL Consortium. (Show)
  • 1 of 1 copy available at Lake Agassiz Regional Library.

Current holds

0 current holds with 4 total copies.

Show Only Available Copies
Location Call Number / Copy Notes Barcode Shelving Location Status Due Date
Moorhead Public Library J BLA (Text) 33500012127817 Main Available -

Record details

  • ISBN: 9780545522281 (jacketed hardcover)
  • ISBN: 0545522285 (jacketed hardcover)
  • Physical Description: pages cm.
  • Edition: First edition.
  • Publisher: New York : Scholastic Press, 2015.

Content descriptions

Summary, etc.:
Callum Hunt's life has been difficult ever since ... Read More
Subject: Magic > Juvenile fiction.
Wolves > Juvenile fiction.
Secrecy > Juvenile fiction.
Adventure stories.
Magic > Fiction.
Wolves > Fiction.
Secrets > Fiction.
Adventure and adventurers > Fiction.
LDR 02383cam a22004938i 4500
001188110
003LARL_NWRL_CONSORTIUM
00520150819094501.0
008150421s2015 nyu c 000 1 eng c
020 . ‡a9780545522281 (jacketed hardcover)
020 . ‡a0545522285 (jacketed hardcover)
035 . ‡a(OCoLC)907931359
042 . ‡alcac ‡apcc
08204. ‡a813.6 ‡aFic ‡223
1001 . ‡aBlack, Holly, ‡eauthor. ‡0(LARL_NWRL_CONSORTIUM)131367
24514. ‡aThe copper gauntlet ‡n#2 / ‡cHolly Black and Cassandra Clare ; with illustrations by Scott Fischer.
250 . ‡aFirst edition.
264 1. ‡aNew York : ‡bScholastic Press, ‡c2015.
300 . ‡apages cm.
336 . ‡atext ‡2rdacontent
337 . ‡aunmediated ‡2rdamedia
338 . ‡avolume ‡2rdacarrier
4900 . ‡aMagisterium ; ‡v2
520 . ‡aCallum Hunt's life has been difficult ever since he was admitted to the Magisterium, since his father suspects him of being evil, and his closest companion is a Chaos-ridden wolf--but when he discovers that his father may be trying to destroy both him and Havoc, he escapes back to the magical world and he and his friends Aaron and Tamara, become involved in the search for the stolen Alkahest, a copper gauntlet with dangerous powers.
650 0. ‡aMagic ‡vJuvenile fiction. ‡0(LARL_NWRL_CONSORTIUM)165990
650 0. ‡aWolves ‡vJuvenile fiction.
650 0. ‡aSecrecy ‡vJuvenile fiction. ‡0(LARL_NWRL_CONSORTIUM)174888
650 0. ‡aAdventure stories. ‡0(LARL_NWRL_CONSORTIUM)12829
650 1. ‡aMagic ‡vFiction. ‡0(LARL_NWRL_CONSORTIUM)165984
650 1. ‡aWolves ‡vFiction.
650 1. ‡aSecrets ‡vFiction.
650 1. ‡aAdventure and adventurers ‡vFiction. ‡0(LARL_NWRL_CONSORTIUM)175858
7001 . ‡aClare, Cassandra, ‡eauthor. ‡0(LARL_NWRL_CONSORTIUM)195575
7001 . ‡aFischer, Scott M., ‡eillustrator. ‡0(LARL_NWRL_CONSORTIUM)194046
901 . ‡a188110 ‡bOCLC ‡c188110 ‡tbiblio

Additional Resources